| 000 | 00640nam a2200205 i 4500 | ||
|---|---|---|---|
| 001 | 141768 | ||
| 003 | ES-MaACL | ||
| 005 | 20230906200350.0 | ||
| 007 | t| | ||
| 008 | 070927s1982 sp ||||1| spa d | ||
| 100 | 1 |
_aWaelhens, Alphonse de. _9115822 |
|
| 245 | 1 | 3 |
_aLa psicosis _b: ensayo de interpretación analítica y existencial / _cA. de Waelhens ; [versión A. Guerra Miralles]. |
| 260 |
_aMadrid : _bMorata, _c[1982] |
||
| 300 |
_a247 p. ; _c21 cm. |
||
| 490 | 1 | _aPsiquiatría | |
| 700 | 1 |
_aGuera Miralles, Alfredo. _960449 |
|
| 830 | 0 |
_aPsiquiatría _9220441 |
|
| 852 |
_aES-MaACL _jL-2288 _bR.102579 |
||
| 999 |
_c141768 _d141768 |
||